000 00990nam a22002777a 4500
003 DO-SdBNP
005 20210916135956.0
008 210318b1999 dr | 00| 0 spa d
020 _a8493052922
040 _aBPMSU
_bspa
_cBPMSU
082 4 _a808.81
_bH557a 1999
_222
100 1 _aHernández Franco, Tomás ,
_d1904 - 1952
245 1 0 _aApuntes sobre poesía popular y poesía negra en Las Antillas /
_cTomás Hernández Franco ; cuidado de la edición Tomás Castro Burdiez.
250 _a3a ed.
260 _aSanto Domingo:
_bLibrería La Trinitaria
_c1999 .
300 _a72 p. ;
_c21 cm
500 _3Incluye datos biográficos del autor en la solapa de la cubierta
590 _aInventariado, 2021/ MC
650 4 _aPoesía antillana
_xHistoria y crítica.
650 4 _aPoesía negra
_xHistoria y crítica.
650 4 _aPoesía dominicana
_xHistoria y crítica.
700 1 _aCastro Burdiez, Tomás,
_eed.
710 _a
910 _aMCabrera/ VMateo V.
942 _2ddc
_cBK
999 _c13405
_d13405